[Event "GER GM05-A email"]
[Site "GER email"]
[Date "2016.06.26"]
[Round "?"]
[White "Koegler, Klaus"]
[Black "Iotov, Valentin Dimitrov"]
[Result "1/2-1/2"]
[WhiteElo "2542"]
[BlackElo "2567"]
[PlyCount "43"]
[EventDate "2016.??.??"]
[EventType "tourn (corr)"]
[EventRounds "13"]
[EventCountry "GER"]
[SourceTitle "Corr 2024"]
[Source "ChessBase"]
[SourceDate "2023.10.19"]
[SourceVersion "1"]
[SourceVersionDate "2023.10.19"]
[SourceQuality "1"]

1. e4 c5 2. Nf3 Nc6 3. d4 cxd4 4. Nxd4 Nf6 5. Nc3 e5 6. Ndb5 d6 7. Bg5 a6 8. Na3 b5 9. Bxf6 gxf6 10. Nd5 f5 11. Bd3 Be6 12. c3 Bg7 13. Nxb5 axb5 14. Bxb5 Rc8 15. Qa4 Bd7 16. exf5 0-0 17. 0-0 e4 18. Rfe1 Ne5 19. Bxd7 Nxd7 20. Qxe4 Nf6 21. Nxf6+ Bxf6 22. Rad1 1/2-1/2

[Event "GER GM05-A email"]
[Site "GER email"]
[Date "2016.06.26"]
[Round "?"]
[White "Koegler, Klaus"]
[Black "Sikorsky, Horst"]
[Result "1/2-1/2"]
[WhiteElo "2542"]
[BlackElo "2506"]
[PlyCount "84"]
[EventDate "2016.??.??"]
[EventType "tourn (corr)"]
[EventRounds "13"]
[EventCountry "GER"]
[SourceTitle "Corr 2020"]
[Source "ChessBase"]
[SourceDate "2019.09.30"]
[SourceVersion "1"]
[SourceVersionDate "2019.09.30"]
[SourceQuality "1"]

1. d4 Nf6 2. c4 g6 3. Nc3 Bg7 4. e4 d6 5. Be2 0-0 6. Nf3 e5 7. 0-0 Nc6 8. d5 Ne7 9. Ne1 Ne8 10. f3 f5 11. Be3 f4 12. Bf2 g5 13. c5 dxc5 14. Bxc5 Rf6 15. Nd3 b6 16. Bf2 Rg6 17. a4 Nd6 18. b4 Kh8 19. Rc1 Bd7 20. Nb5 c6 21. dxc6 Nxc6 22. Nxf4 exf4 23. Nxd6 Qe7 24. Nb5 Rd8 25. Qc2 Ne5 26. Rfd1 g4 27. fxg4 Nxg4 28. Bxg4 Bxg4 29. Rxd8+ Qxd8 30. Kh1 h6 31. e5 Qg5 32. h4 Qh5 33. Nd4 f3 34. g3 Bxe5 35. Qe4 Bd6 36. Nb5 Bf8 37. Rc7 Kg8 38. Rxa7 Qf5 39. Qc4+ Qe6 40. Rc7 Qxc4 41. Rxc4 Be6 42. Rd4 Bb3 1/2-1/2